Countries Containing The Letter: B - Statistics

General Stats
  • This quiz has been taken 19 times
  • The average score is 37 of 45
Answer Stats
Answer % Correct
Albania
100%
Brazil
100%
Azerbaijan
94%
Belgium
94%
Bosnia and Herzegovina
94%
Bulgaria
94%
Cambodia
94%
Bahamas
89%
Bangladesh
89%
Belarus
89%
Bolivia
89%
Botswana
89%
Colombia
89%
Zimbabwe
89%
Antigua and Barbuda
83%
Barbados
83%
Benin
83%
Cuba
83%
Democratic Republic of the Congo
83%
Dominican Republic
83%
Guinea-Bissau
83%
Liberia
83%
Luxembourg
83%
Trinidad and Tobago
83%
United Arab Emirates
83%
Zambia
83%
Bahrain
78%
Belize
78%
Brunei
78%
Burundi
78%
Central African Republic
78%
Djibouti
78%
Gambia
78%
Libya
78%
Namibia
78%
Republic of the congo
78%
Saudi Arabia
78%
Uzbekistan
78%
Burkina Faso
72%
Lebanon
72%
Mozambique
72%
Serbia
72%
Kiribati
67%
Gabon
61%
Burma
44%
No matching quizzes found
Score Distribution
Percent of People with Each Score
Percentile by Number Answered
Your Score History
You have not taken this quiz